La zona del canal y el subdesarrollo panameño. Diez tesis sobre el enclave canalero
Guardado en:
| Autor principal: | |
|---|---|
| Formato: | Texto |
| Publicado: |
Panamá:
Ediciones de la Revista Tareas
|
| Etiquetas: |
Agregar Etiqueta
Sin Etiquetas, Sea el primero en etiquetar este registro!
|
MARC
| LEADER | 00000 a a2200000 04500 | ||
|---|---|---|---|
| 001 | 17211 | ||
| 003 | |||
| 040 | |||
| 090 | |a 0005 G672z | ||
| 100 | |a Gorostiaga, Xavier | ||
| 245 | |a La zona del canal y el subdesarrollo panameño. Diez tesis sobre el enclave canalero | ||
| 260 | |a Panamá: |b Ediciones de la Revista Tareas | ||
| 300 | |a 23 p. | ||
| 999 | |c 9781 |d 9781 | ||
